Pravidlá vo vzťahu ku klientom pri realizácii finančného sprostredkovania a finančného poradenstva v sektore kapitálového trhu

Základné piliere korektnej realizácie aktivít finančného sprostredkovania a finančného poradenstva v sektore kapitálového trhu. Profesionálny a neprofesionálny klient. Profilovanie klienta.

Na minha lista:
Detalhes bibliográficos
Autor principal: Slezáková, Andrea, 1980-
Formato: Capítulo de Livro
Idioma:eslovaco
Assuntos:
Tags: Adicionar Tag
Sem tags, seja o primeiro a adicionar uma tag!

MARC

LEADER 00000naa a2200000 4500
001 0215744
005 20240502073610.5
041 0 |a slo 
044 |a SK 
245 1 0 |a Pravidlá vo vzťahu ku klientom pri realizácii finančného sprostredkovania a finančného poradenstva v sektore kapitálového trhu  |c Andrea Slezáková 
520 |a Základné piliere korektnej realizácie aktivít finančného sprostredkovania a finančného poradenstva v sektore kapitálového trhu. Profesionálny a neprofesionálny klient. Profilovanie klienta. 
610 2 0 |a trh kapitálový 
610 2 0 |a poradenstvo finančné 
610 2 0 |a sprostredkovatelia 
610 2 0 |a podnikanie 
610 2 0 |a poradenstvo investičné 
100 1 |a Slezáková, Andrea, 1980-